| 000 | 00338nam a2200109 4500 | ||
|---|---|---|---|
| 245 |
_aGreat stories of all nations _cMaxim Lieber and Blanche Cotton Williams |
||
| 100 | _aLieber, Maxim | ||
| 710 | _aBlanche, Cotton Williams | ||
| 260 |
_aBombay _bGeorge G. Harrap _c1927[reprinted 1931] |
||
| 300 | _a1121p.; 24cm. | ||
| 082 |
_aYAM _b808.83 LIE |
||
| 999 |
_c2654 _d2654 |
||